Juan Martínez (Record no. 2293)

MARC details
000 - LÍDER
campo de control de longitud fija 00835nam a2200205Ia 4500
008 - ELEMENTOS DE DATOS DE LONGITUD FIJA - INFORMACIÓN GENERAL
campo de control de longitud fija 000000[1983?] sp a 0000000000fre00
090 ## - NÚMERO DE LLAMADA DE TIPO LC LOCALMENTE ASIGNADO (OCLC)
Número de clasificación (OCLC) (R) PSP00 G35i
100 1# - ENTRADA PRINCIPAL - NOMBRE PERSONAL
Nombre de la persona Giménez, Salvador
245 10 - TÍTULO DECLARACIÓN
Título Juan Martínez
Resto del título : les voix du silence se nomment Juan = The voices of silence are named Juan
Declaración de responsabilidad / par Salvador Giménez
260 ## - PUBLICACIÓN, DISTRIBUCIÓN
Lugar de publicación Madrid : Galerie Juana Mordo
Fecha de publicación 1983
300 ## - DESCRIPCIÓN FÍSICA
Alcance [12] p.
Dimensiones / 27 cm.
500 ## - NOTA GENERAL
Nota general Texto bilingue : inglés y francés \ Con el patronazgo del maestro venezolano Jesús Rafael Soto (q.e.p.d.)
600 00 - ENTRADA DE SUJETO AÑADIDO - NOMBRE PERSONAL
Nombre de la persona MARTINEZ, JUAN, 1942 /
Subdivisión general TRABAJOS PICTORICOS
650 14 - ENTRADA DE SUJETO AÑADIDO - TÉRMINO TÓPICO
Término tópico o elemento de entrada del nombre geográfico ARTE CONTEMPORANEO ESPAÑOL
650 14 - ENTRADA DE SUJETO AÑADIDO - TÉRMINO TÓPICO
Subdivisión general CATALOGOS
650 14 - ENTRADA DE SUJETO AÑADIDO - TÉRMINO TÓPICO
Subdivisión general EXPOSICIONES
650 14 - ENTRADA DE SUJETO AÑADIDO - TÉRMINO TÓPICO
Término tópico o elemento de entrada del nombre geográfico PINTORES ESPAÑOLES
650 14 - ENTRADA DE SUJETO AÑADIDO - TÉRMINO TÓPICO
Término tópico o elemento de entrada del nombre geográfico PINTURA ESPAÑOLA
Holdings
Estado de retirada Pérdida de estatus Estado dañado No para préstamo Código de recogida Ubicación permanente Ubicación actual Ubicación de las estanterías Fecha de adquisición Número de llamada completo Código de barras Fecha de la última vez que se vio Número de copia Precio efectivo desde Tipo de artículo Koha
        General ArtNexus ArtNexus General 06/09/2022 P-SP-00 G35I 2294 06/09/2022 Ej.1 06/09/2022 Libro

Powered by Koha